|
|
|
|
| LEADER |
00000naa0a2200000 4500 |
| 001 |
639299 |
| 005 |
20250213144838.0 |
| 035 |
|
|
|a (RuTPU)RU\TPU\network\3750
|
| 090 |
|
|
|a 639299
|
| 100 |
|
|
|a 20150303d2011 k||y0rusy50 ca
|
| 101 |
0 |
|
|a rus
|
| 102 |
|
|
|a RU
|
| 135 |
|
|
|a drcn ---uucaa
|
| 181 |
|
0 |
|a i
|
| 182 |
|
0 |
|a b
|
| 200 |
1 |
|
|a Ироническая интерпретация сюжета пути в романе-фэнтези М. Успенского "Там, где нас нет"
|f Я. В. Королькова
|g науч. рук. В. Е. Головчинер
|
| 203 |
|
|
|a Текст
|c электронный
|
| 300 |
|
|
|a Заглавие с экрана
|
| 461 |
|
|
|t Актуальные проблемы литературоведения и лингвистики
|o материалы конференции молодых ученых, 1 апреля 2011 г., Томск
|f Национальный исследовательский Томский государственный университет (ТГУ)
|d 2011
|
| 463 |
|
|
|t Вып. 12, т. 2
|v [С. 103-105]
|i Литературоведение и издательское дело
|d 2011
|
| 610 |
1 |
|
|a электронный ресурс
|
| 610 |
1 |
|
|a труды учёных ТПУ
|
| 700 |
|
1 |
|a Королькова
|b Я. В.
|c лингвист
|c доцент Томского политехнического университета, кандидат филологических наук
|f 1984-
|g Яна Владимировна
|3 (RuTPU)RU\TPU\pers\30763
|9 15033
|
| 702 |
|
1 |
|a Головчинер
|b В. Е.
|4 727
|
| 801 |
|
2 |
|a RU
|b 63413507
|c 20150303
|g RCR
|
| 856 |
4 |
|
|u http://old.philology.tsu.ru/uploads/files/tom2.pdf#page=103
|
| 942 |
|
|
|c CF
|